|
|
|
|
| LEADER |
00000nam0a2200000 4500 |
| 001 |
372414 |
| 005 |
20231102012456.0 |
| 035 |
|
|
|a (RuTPU)RU\TPU\retro\29837
|
| 035 |
|
|
|a RU\TPU\book\202142
|
| 090 |
|
|
|a 372414
|
| 100 |
|
|
|a 20221214d1960 k y0rusy50 ca
|
| 101 |
0 |
|
|a rus
|
| 102 |
|
|
|a RU
|
| 105 |
|
|
|a f j 000zy
|
| 200 |
1 |
|
|a Руководство к лабораторным работам по курсу "Электроснабжение промышленных предприятий"
|f А. И. Зайцев, Я. В. Петров, Л. А. Заспанов
|g Томский политехнический институт (ТПИ)
|
| 210 |
|
|
|a Томск
|c Изд-во Томского ун-та
|d 1960
|
| 215 |
|
|
|a 95 с.
|c табл.
|
| 606 |
1 |
|
|a Энергоснабжение предприятий
|2 stltpush
|3 (RuTPU)RU\TPU\subj\21369
|9 46377
|
| 606 |
1 |
|
|a Электрооборудование
|2 stltpush
|3 (RuTPU)RU\TPU\subj\20584
|9 45678
|
| 610 |
1 |
|
|a учебные пособия
|
| 610 |
1 |
|
|a труды учёных ТПУ
|
| 610 |
1 |
|
|a электрические машины
|
| 610 |
1 |
|
|a электропривод
|
| 610 |
1 |
|
|a коллекция ТПУ
|
| 675 |
|
|
|a 658.26(076.5)
|v 3
|
| 675 |
|
|
|a 621.31(076.5)
|v 3
|
| 700 |
|
1 |
|a Зайцев
|b А. И.
|c российский ученый, специалист в области энергетики
|c профессор Томского политехнического института
|f 1923-
|g Александр Иванович
|2 stltpush
|3 (RuTPU)RU\TPU\pers\19789
|
| 701 |
|
1 |
|a Петров
|b Я. В.
|g Яков Венедиктович
|
| 701 |
|
1 |
|a Заспанов
|b Л. А.
|g Лев Андреевич
|
| 712 |
0 |
2 |
|a Томский политехнический институт (ТПИ)
|c (1944-1991)
|2 stltpush
|3 (RuTPU)RU\TPU\col\1123
|
| 801 |
|
0 |
|a RU
|b 63413507
|c 20011210
|g PSBO
|
| 801 |
|
2 |
|a RU
|b 63413507
|c 20221214
|g PSBO
|
| 942 |
|
|
|c BK
|